| 000 | 00650nam a22002297a 4500 | ||
|---|---|---|---|
| 003 | UA-OsUOA | ||
| 001 | 67815 | ||
| 007 | ta | ||
| 008 | 20100315b un ||||| |||| 00| 0 ukr d | ||
| 090 |
_a343.102 _bС47 |
||
| 942 | _cBK | ||
| 040 |
_aUA-OsUOA _brus _cUA-OsUOA _dUA-OsUOA |
||
| 245 |
_aСледственная практика _cСкворцов К. Ф. |
||
| 300 | _a168 с. | ||
| 955 | _a2 | ||
| 041 | _arus | ||
| 080 | _a343.102 | ||
| 260 |
_aМ. _bЮридическая литература _c1982 |
||
| 250 | _nВипуск 134 | ||
| 650 | 7 |
_a343 Кримінальне право. Карні порушення _2UDC |
|
| 999 |
_c353935 _d353935 |
||